Experiencia del pueblo indígena Cofán con la tortuga charapa en el río Aguarico, Ecuador (Registro nro. 8306)

Detalles MARC
000 -CABECERA
Campo de control 00649nam a22001817a 4500
005 - FECHA Y HORA DE LA ULTIMA TRANSACCION
Campo de control 20150613020002.0
008 - ELEMENTOS DE LONGITUD FIJA—INFORMACION GENERAL
Campo de control 140325s2008 ec abdogr|||| 00| 0 spa d
041 ## - IDIOMA
Código de idioma para texto/pista de sonido o título separado Español
044 ## - PAÍS DE PUBLICACIÓN
País de publicación Ecuador
082 ## - NUMERO DE CLASIFICACION DECIMAL DEWEY
Número de clasificación 597.92
Número del ítem T74e
100 1# - ASIENTO PRINCIPAL--NOMBRE PERSONAL
Nombre personal Townsend, Wendy R.
245 10 - MENCION DE TITULO
Título Experiencia del pueblo indígena Cofán con la tortuga charapa en el río Aguarico, Ecuador
Mención de responsabilidad Wendy R. Townsend
260 3# - PUBLICACION, DISTRIBUCION, ETC. (PIE DE IMPRENTA)
Lugar de publicación, distribución, etc. Quito
Nombre del editor, distribuidor, etc. Fundación Sobrevivencia Cofan
Fecha de publicación, distribución, etc. 2008
300 ## - DESCRIPCION FISICA
Extensión 36 p.
Otros detalles físicos il., fot., mapas, tablas, gráficas
Dimensiones 28 cm
650 #4 - ASIENTO SECUNDARIO DE MATERIA - TERMINO TEMATICO
Término temático o nombre geográfico como elemento de entrada Tortuga charapa
Subdivisión general Experiencia
Subdivisión geográfica Ecuador
650 #4 - ASIENTO SECUNDARIO DE MATERIA - TERMINO TEMATICO
Término temático o nombre geográfico como elemento de entrada Tortuga charapa
Subdivisión general Cuidados
Subdivisión geográfica Ecuador
942 ## - ELEMENTOS ADICIONALES (KOHA)
Sistema de clasificación Dewey Decimal Classification
Tipo de ítem Impreso
Koha issues (borrowed), all copies 2
Existencias
Withdrawn status Lost status Sistema de Clasificación Damaged status No para préstamo Colección Inventariado Ubicación Permanente Ubicación actual Fecha de adquisición Fuente de Valor Valor Total Checkouts Número topográfico Inventario / Código de Barras Date last seen Date checked out Ejemplar Price effective from Forma de adquisición Tipo de material
    Dewey Decimal Classification     General Inventariado 2017 Bogotá Bogotá 25/03/2014 Instituto 39000.00 2 LB-597.92 T74e 034230 12/06/2015 12/06/2015 Ej. 1 25/03/2014   Libro